Państwa nad Morzem Bałtyckim - Statystyki

Ogólne statystyki
  • Ten quiz został rozwiązany 293 razy
  • Średni wynik to 9 z 9
Statystyki odpowiedzi
Odpowiedź % Poprawnych
Litwa
98%
Polska
98%
Estonia
97%
Finlandia
97%
Niemcy
97%
Szwecja
97%
Dania
96%
Łotwa
95%
Rosja
93%
Nie znaleziono quizów pasujących do podanych kryteriów
Rozkład punktacji
Procent ludzi z każdym wynikiem
Percentyl według liczby udzielonych odpowiedzi
Twoja historia wyników
Nie rozwiązałeś tego quizu